All lyrics to This is How a Dream Comes True (Shrek) - Statistics

General Stats
  • This quiz has been taken 17 times
  • The average score is 159 of 223
Answer Stats
Lyric % Correct
a
100%
A
100%
I
100%
the
100%
there
100%
and
83%
And
83%
be.
83%
be
83%
bended
83%
come
83%
down
83%
Down
83%
dragon
83%
dragon,
83%
dreams
83%
have
83%
how
83%
in
83%
In
83%
is
83%
it
83%
it,
83%
it.
83%
just
83%
knee...
83%
knee!
83%
knew,
83%
knew
83%
light
83%
me,
83%
me
83%
pictured
83%
slain.
83%
slain?
83%
so,
83%
standing
83%
then
83%
This
83%
this
83%
to
83%
true.
83%
true,
83%
what
83%
would
83%
you,
83%
You
83%
you
83%
you.
83%
admit.
67%
al
67%
all
67%
always
67%
are
67%
Are
67%
at
67%
At
67%
awaits,
67%
bit,
67%
Brave
67%
day
67%
delicate,
67%
doing
67%
end
67%
every
67%
Fiona!
67%
for
67%
gaze
67%
girls
67%
God?
67%
god,
67%
hand
67%
It's
67%
I've
67%
knight,
67%
less,
67%
life
67%
like
67%
long.
67%
longed
67%
look
67%
met,
67%
more
67%
must
67%
my
67%
Now
67%
on
67%
only
67%
or
67%
remember
67%
rescue
67%
riding
67%
rope
67%
shut
67%
sir
67%
slow
67%
smile
67%
somehow
67%
states,
67%
steed
67%
story
67%
take
67%
that's
67%
though
67%
we've
67%
when
67%
whole
67%
wrong.
67%
your
67%
you're
67%
about
50%
climbing
50%
die!
50%
find
50%
gonna
50%
happy
50%
heart,
50%
here,
50%
hurray.
50%
last
50%
meant
50%
over
50%
past
50%
Pink
50%
pink
50%
ponies,
50%
rough
50%
Say
50%
sky,
50%
sky.
50%
start,
50%
terrain,
50%
thumping
50%
today!
50%
was
50%
way.
50%
we're
50%
achieve
33%
affirmations
33%
believe
33%
came
33%
can
33%
conceive
33%
fear.
33%
If
33%
I'm
33%
love
33%
not
33%
nothing
33%
Oh
33%
Pretending
33%
skeltons,
33%
will
33%
yay.
33%
Mad
17%
No matching quizzes found
Score Distribution
Percent of People with Each Score
Percentile by Number Answered
Your Score History
You have not taken this quiz